MARC details
| 000 -LEADER |
| fixed length control field |
02187cam a2200385 i 4500 |
| 001 - CONTROL NUMBER |
| control field |
200468132 |
| 003 - CONTROL NUMBER IDENTIFIER |
| control field |
TR-AnTOB |
| 005 - DATE AND TIME OF LATEST TRANSACTION |
| control field |
20260415164515.0 |
| 007 - PHYSICAL DESCRIPTION FIXED FIELD--GENERAL INFORMATION |
| fixed length control field |
ta |
| 008 - FIXED-LENGTH DATA ELEMENTS--GENERAL INFORMATION |
| fixed length control field |
260415s1925 nyu 000 d eng |
| 010 ## - LIBRARY OF CONGRESS CONTROL NUMBER |
| LC control number |
25020163 |
| 035 ## - SYSTEM CONTROL NUMBER |
| System control number |
(CLU)2160676-ucladb-Voyager |
|
| System control number |
(OCoLC)00224604 |
| Canceled/invalid control number |
(OCoLC)1016373754 |
|
| System control number |
(OCoLC)ocm00224604 |
|
| System control number |
(EXLNZ-01UCS_NETWORK)9912819445206531 |
|
| System control number |
(TR-AnTOB)200468132 |
| 040 ## - CATALOGING SOURCE |
| Original cataloging agency |
DLC |
| Language of cataloging |
eng |
| Description conventions |
rda |
| Transcribing agency |
WSU |
| Modifying agency |
OCL |
| -- |
OCLCG |
| -- |
CLU |
| -- |
LEAUB |
| -- |
OCLCQ |
| -- |
OCLCF |
| -- |
NLC |
| -- |
LUE |
| -- |
OCLCQ |
| -- |
GILDS |
| -- |
OCLCO |
| -- |
OCLCA |
| -- |
YBM |
| -- |
OCL |
| -- |
OCLCO |
| -- |
OCLCQ |
| -- |
OCLCO |
| -- |
OCLCL |
| -- |
OCLCQ |
| -- |
YBM |
| -- |
OCLCO |
| -- |
OCLCL |
| -- |
TR-AnTOB |
| 041 0# - LANGUAGE CODE |
| Language code of text/sound track or separate title |
İngilizce |
| 050 04 - LIBRARY OF CONGRESS CALL NUMBER |
| Classification number |
PR6025.A77 |
| Item number |
T7 1925 |
| 090 ## - LOCALLY ASSIGNED LC-TYPE CALL NUMBER (OCLC); LOCAL CALL NUMBER (RLIN) |
| Classification number (OCLC) (R) ; Classification number, CALL (RLIN) (NR) |
PR6025.A77 |
| Local cutter number (OCLC) ; Book number/undivided call number, CALL (RLIN) |
T7 1925 |
| 100 1# - MAIN ENTRY--PERSONAL NAME |
| Personal name |
Masefield, John, |
| Dates associated with a name |
1878-1967 |
| Relator term |
author |
| Relator code |
aut |
| Authority record control number or standard number |
http://id.loc.gov/authorities/names/n80067094 |
| 9 (RLIN) |
153693 |
| 245 14 - TITLE STATEMENT |
| Title |
The trial of Jesus / |
| Statement of responsibility, etc. |
by John Masefield. |
| 264 #1 - PRODUCTION, PUBLICATION, DISTRIBUTION, MANUFACTURE, AND COPYRIGHT NOTICE |
| Place of production, publication, distribution, manufacture |
New York : |
| Name of producer, publisher, distributor, manufacturer |
The Macmillan Company, |
| Date of production, publication, distribution, manufacture, or copyright notice |
1925. |
| 300 ## - PHYSICAL DESCRIPTION |
| Extent |
4 preliminary leaves, 116 pages ; |
| Dimensions |
20 cm |
| 336 ## - CONTENT TYPE |
| Content type term |
text |
| Content type code |
txt |
| Source |
rdacontent |
| 337 ## - MEDIA TYPE |
| Media type term |
unmediated |
| Media type code |
n |
| Source |
rdamedia |
| 338 ## - CARRIER TYPE |
| Carrier type term |
volume |
| Carrier type code |
nc |
| Source |
rdacarrier |
| 520 ## - SUMMARY, ETC. |
| Summary, etc. |
In the drama, The Trial of Jesus, John Masefield has the centurion Longinus report to Pilate after the crucifixion of Jesus. Longinus had been the officer in charge of the execution, and after his official report, Procula, Pilate's wife calls the centurion to come and tell her how the prisoner had died. This was important to her because she had dreamed about Jesus the night before his death and tried to warn Pilate to let him go. After the centurion gives her the account of Jesus' death, she asks, "Do you think he is dead?" Longinus answers, "No, lady, I don't." "Then where is he?" asks Procula. Longinus replies, "Let loose in the world, lady, where neither Roman nor Jew can stop his truth." Indeed, Jesus is let loose in the world. His truth continues to change hearts and lives. |
| 600 00 - SUBJECT ADDED ENTRY--PERSONAL NAME |
| Personal name |
Jesus Christ |
| Form subdivision |
Drama |
| Authority record control number or standard number |
http://id.loc.gov/authorities/subjects/sh85070013 |
| 9 (RLIN) |
153694 |
| 650 #0 - SUBJECT ADDED ENTRY--TOPICAL TERM |
| Topical term or geographic name entry element |
Married people |
| Form subdivision |
Drama |
| 9 (RLIN) |
5363 |
| 655 #7 - INDEX TERM--GENRE/FORM |
| Genre/form data or focus term |
Drama |
| Source of term |
lcgft |
| 9 (RLIN) |
153046 |
| 942 ## - ADDED ENTRY ELEMENTS (KOHA) |
| Source of classification or shelving scheme |
Library of Congress Classification |
| Koha item type |
Book |